000 00358nam a22001457a 4500
003 OSt
005 20160727222459.0
008 160705b xxu||||| |||| 00| 0 eng d
040 _cTEST
100 _92254
_a Shankar
245 _aThe Woman and the Crow
260 _aN.D
_b Children Books Trust
_c2003
300 _aThe Woman and the Crow
942 _2ddc
_cBK
999 _c1941
_d1941